Yeay, dah cuti sekolah

Bibliographic Details
Main Author: Bambang Irwanto, Nur Eradah Ishak
Other Authors: Nur Eradah Ishak
Format: Book
Published: Kuala Lumpur : Ana Muslim Sdn. Bhd. , 2015
Series:Siri novel Amani
Subjects:

MARC

LEADER 00000cam a2200000 7i4500
001 0000200089
005 20160105.0
020 |a 9789674490980 
090 0 0 |a JF   |b BAM 
100 1 |a Bambang Irwanto, Nur Eradah Ishak 
245 0 0 |a Yeay, dah cuti sekolah   |c Bambang Irwanto 
260 |a Kuala Lumpur :   |b Ana Muslim Sdn. Bhd. ,   |c 2015 
300 |a 79p. :   |b ill. ;   |c 22cm. 
490 0 |a Siri novel Amani 
650 0 |a Children's stories, Malay 
700 1 |a Nur Eradah Ishak 
999 |a 00314750   |b BUKU   |c PINJAMAN   |e PERPUSTAKAAN KOMUNITI PETALING JAYA 
999 |a 00320845   |b BUKU   |c PINJAMAN   |e PERPUSTAKAAN KOMUNITI PETALING JAYA 
999 |a 00320846   |b BUKU   |c PINJAMAN   |e PERPUSTAKAAN KOMUNITI PETALING JAYA 
999 |a 00320847   |b BUKU   |c PINJAMAN   |e PERPUSTAKAAN KOMUNITI PETALING JAYA 
999 |a 00381297   |b BUKU   |c PINJAMAN   |e MOBILE LIBRARY PKPJ 
999 |a 00381298   |b BUKU   |c PINJAMAN   |e MOBILE LIBRARY PKPJ 
999 |a 00403809   |b BUKU   |c PINJAMAN   |e PERPUSTAKAAN KOMUNITI PETALING JAYA